00876nam a22002417a 4500003000900000005001700009007000300026008004100029040002500070082001600095100004200111245010300153260003800256300002700294490002800321500004300349590002700392830003500419910001400454942001300468952013600481999001700617DO-SdBNP20220531090449.0ta110301s2015 dr c 000 0 spa d aDO-SdBNPbspacBNPHU 4axxxxbT266c1 aTejeda Ortiz, Dagoberto953018d1940-13aEl contracarnaval en Dominicana y en Haití :bresistencia e identidad /cDagoberto Tejeda Ortiz  aSanto Domingo :bIndefolk,c2015. a35 p. :bretr.c22 cm.1 aDagoberto Tejeda Ortiz  aIncluye datos biográficos del autor. aInventariado, 2022/ YL 0pDagoberto Tejeda Ortiz 981729 aYLockward 2ddccLF2 00102ddc53708PD-FaBNPHUbBNPHUcHDd2021-02-12eDagoberto Tejeda Ortiz l0oxxxx T266cp2022-2483r2022-05-31w2022-05-31yLF2 c51848d51848